000 00449nam a22001697a 4500
003 NUST - PNEC
005 20170116181050.0
008 150929b xxu||||| |||| 00| 0 eng d
020 _a0412476509
040 _cLIBRARY
082 _a621.382 DAM
100 _911838
_aDamper, R. I
245 _aIntroduction to discrete-time signals and systems
_cR.I. Damper
260 _ac.1995
650 _911840
_aDiscrete-time systems
_xME
942 _2ddc
_cBK
999 _c68369
_d68369